000 01203nam a22003257a 4500
003 BJBSDDR
005 20260429114708.0
007 ta
008 260429s1993 nyu||||| |||| 00| 0 eng d
020 _a9780671865238
020 _a0671865234
040 _bspa
_cBJBSDDR
041 _aeng
050 _bB627 1993
100 1 _aBlack, Christopher
_948145
245 1 0 _aCultural atlas of the Renaissance /
_cChristopher Black, Mark Greengrass, David Howarth, Jeremy Lawrance, Richard Mackenney, Martin Rady, Evelyn Welch
250 _a1st ed
260 _aNew York :
_bPrentice Hall General Reference,
_c1993
300 _a240 pages :
_billustrations ;
_c31 cm
505 _a pt. 1. The heartland of the Renaissance pt. 2. The Renaissance and the wider world
520 _aA highly readable account of the history and culture of the Renaissance from its origins in Italy to its spread through Europe and beyond
700 1 _aGreengrass, Mark
_948191
700 1 _aHowarth, David
_948192
700 1 _aLawrance, Jeremy
_948194
700 1 _aMackenney, Richard
_948196
700 1 _aRady, Martin
_948197
700 1 _aWelch, Evelyn
_948199
942 _2lcc
_n0
_cBK
946 _icmc
999 _c126951
_d126951